000 00505nam a2200217Ia 4500
003 OSt
005 20221007082607.0
006 a|||||r|||| 00| 0
007 ta
008 221006b |||||||| |||| 00| 0 eng d
024 _a21,002
037 _cTextual
040 _aFLL
_cFLL
_beng
041 _2eng
_aeng
082 _aZQ2, P1
100 _aDiwan Paras
245 0 _aModern hindu law
260 _c1995
942 _hZQ2, P1
_cTEXL
_2CC
999 _c1166994
_d1166994